Cultivo de frutales menores.
Sábháilte in:
| Príomhchruthaitheoir: | |
|---|---|
| Formáid: | LEABHAR |
| Foilsithe / Cruthaithe: |
Santiago, Chile:
Universitaria,
2002.
|
| Eagrán: | Septima edición |
| Sraith: | Colección Nueva Técnica
|
| Ábhair: | |
| Clibeanna: |
Cuir clib leis
Níl clibeanna ann, Bí ar an gcéad duine le clib a chur leis an taifead seo!
|
MARC
| LEADER | 00000nam a22000007a 4500 | ||
|---|---|---|---|
| 003 | CL-VaPUC | ||
| 005 | 20220915101312.0 | ||
| 008 | 220830t2002 ||||| |||| 00| 0 eng d | ||
| 999 | |c 438571 |d 438569 | ||
| 020 | |a 956-11-0487-2 | ||
| 040 | |c Pontificia Universidad Católica de Valparaíso | ||
| 082 | 7 | |a 634.4 SUD 2002 |2 22 | |
| 100 | |a Sudzuki Hills, Fusa |9 298065 |e autora | ||
| 245 | |a Cultivo de frutales menores. | ||
| 250 | |a Septima edición | ||
| 260 | |a Santiago, Chile: |b Universitaria, |c 2002. | ||
| 300 | |a 194 páginas. | ||
| 490 | |a Colección Nueva Técnica | ||
| 500 | |a c.1 Donación Escuela Agronomía. Memo Cur 25/07/2022. | ||
| 583 | |c 20220830 |k Catalogador Asistente | ||
| 650 | |a Nueces |x Castañas |x Cultivo |9 876244 | ||
| 650 | |a Arándano |x Cultivo |9 876245 | ||
| 650 | |a Berries |x Cultivo |9 876246 | ||
| 650 | |a Kiwi |x Cultivo |9 876247 | ||
| 942 | |2 ddc |c BK | ||
| 952 | |0 0 |1 0 |2 ddc |4 0 |6 634_400000000000000_SUD_2002 |7 0 |8 A |9 586504 |a BIBAGR |b BIBAGR |c GEN |d 2022-08-30 |e Donación |i 5654465 |l 1 |o 634.4 SUD 2002 |p 5654465 |r 2025-01-20 |s 2022-10-25 |t 1 |w 2022-08-30 |y BK |k AGR | ||